<?xml version="1.0" encoding="UTF-8"?>
<record
    xmlns:xsi="http://www.w3.org/2001/XMLSchema-instance"
    xsi:schemaLocation="http://www.loc.gov/MARC21/slim http://www.loc.gov/standards/marcxml/schema/MARC21slim.xsd"
    xmlns="http://www.loc.gov/MARC21/slim">

  <leader>01138    a2200205   4500</leader>
  <datafield tag="020" ind1=" " ind2=" ">
    <subfield code="a">0070410410</subfield>
  </datafield>
  <datafield tag="020" ind1=" " ind2=" ">
    <subfield code="a">9780070410411</subfield>
  </datafield>
  <datafield tag="082" ind1="0" ind2="4">
    <subfield code="a">664.00688</subfield>
  </datafield>
  <datafield tag="090" ind1=" " ind2=" ">
    <subfield code="c">2837</subfield>
    <subfield code="d">2837</subfield>
  </datafield>
  <datafield tag="100" ind1="1" ind2=" ">
    <subfield code="a">Maucher, Helmut.</subfield>
  </datafield>
  <datafield tag="245" ind1="1" ind2="0">
    <subfield code="a">Leadership in action :</subfield>
    <subfield code="b">tough-minded strategies from the global giant /</subfield>
    <subfield code="c">Helmut Maucher.</subfield>
  </datafield>
  <datafield tag="250" ind1=" " ind2=" ">
    <subfield code="a">First Edition ed.</subfield>
  </datafield>
  <datafield tag="260" ind1=" " ind2=" ">
    <subfield code="a">[S.l.] :</subfield>
    <subfield code="b">McGraw-Hill Companies,</subfield>
    <subfield code="c">1994.</subfield>
  </datafield>
  <datafield tag="300" ind1=" " ind2=" ">
    <subfield code="a">160 p. ;</subfield>
    <subfield code="c">24 cm.</subfield>
  </datafield>
  <datafield tag="500" ind1=" " ind2=" ">
    <subfield code="a">Hardcover.</subfield>
  </datafield>
  <datafield tag="520" ind1=" " ind2=" ">
    <subfield code="a">Veterans of downsizing and corporate turnarounds will be fascinated by the management style and philosophy of the chairman and CEO of mammoth Nestle Corporation. In matters of leadership on the global frontier, Helmut Maucher knows more than almost anyone. Readers everywhere will devour his inside look at Nestle's $38 billion operations, and the secrets of its success. German language edition has already sold more than 10,000 copies.</subfield>
  </datafield>
  <datafield tag="856" ind1="4" ind2="0">
    <subfield code="3">Amazon.com</subfield>
    <subfield code="u">http://www.amazon.com/exec/obidos/ASIN/0070410410/chopaconline-20</subfield>
  </datafield>
  <datafield tag="856" ind1="4" ind2="0">
    <subfield code="3">Amazon customer reviews</subfield>
    <subfield code="u">http://www.chopac.org/cgi-bin/tools/azrev.pl?q=0070410410</subfield>
  </datafield>
  <datafield tag="942" ind1=" " ind2=" ">
    <subfield code="a">NBS</subfield>
    <subfield code="c">BK</subfield>
    <subfield code="k">303.34 MNU</subfield>
  </datafield>
  <datafield tag="999" ind1=" " ind2=" ">
    <subfield code="c">345327</subfield>
    <subfield code="d">345327</subfield>
  </datafield>
  <datafield tag="952" ind1=" " ind2=" ">
    <subfield code="0">0</subfield>
    <subfield code="1">0</subfield>
    <subfield code="4">0</subfield>
    <subfield code="7">0</subfield>
    <subfield code="a">CL</subfield>
    <subfield code="b">CL</subfield>
    <subfield code="d">2013-08-28</subfield>
    <subfield code="l">3</subfield>
    <subfield code="o">303.34 MNU</subfield>
    <subfield code="p">NBS1325</subfield>
    <subfield code="r">2024-02-16</subfield>
    <subfield code="s">2024-02-02</subfield>
    <subfield code="w">2013-08-28</subfield>
    <subfield code="y">BK</subfield>
  </datafield>
</record>
